Geology of salt dome oil fields.

Bibliographic Details
Main Author: DeGolyer, E. (Everette), 1886-1956
Format: Book
Language:English
Published: Chicago : American Assoc. of Petrl. Geologists, 1926.
Subjects:

MARC

Tag First Indicator Second Indicator Subfields
LEADER 00000cam a2200000 4500
001 in00000051345
005 20151007070001.0
008 750409s1926 ilu 00000 eng d
035 |a (OCoLC)01264011 
035 |9 AAE3095AM 
040 |a EMU  |c EMU  |d TXA  |d UtOrBLW 
049 |a TXAM  |c [301170] 
090 |a QE471.15.S2  |b M6 
092 |a 553.28  |b D319g 
092 |a 557  |b D 
100 1 |a DeGolyer, E.  |q (Everette),  |d 1886-1956. 
245 1 0 |a Geology of salt dome oil fields. 
264 1 |a Chicago :  |b American Assoc. of Petrl. Geologists,  |c 1926. 
300 |a xix, 797 pages :  |b illustrations (part folded) ;  |c 24 cm. 
336 |a text  |b txt  |2 rdacontent 
337 |a unmediated  |b n  |2 rdamedia 
338 |a volume  |b nc  |2 rdacarrier 
504 |a Includes bibliographical references. 
650 0 |a Geology. 
650 0 |a Petroleum. 
740 0 |a Salt dome oil fields. 
999 |a MARS 
999 f f |s 121628e9-18ae-3af5-9a66-d23390ce9e6f  |i 8c873096-be80-3bf7-a828-15a5b2d48d22  |t 0 
952 f f |p ric  |a Texas A&M University  |b Rellis Campus  |c Joint Library Facility  |d Remote Storage  |t 0  |e QE471.15.S2 M6  |h Library of Congress classification  |i unmediated -- volume  |m A14800958349 
952 f f |a Texas A&M University  |b College Station  |c Sterling C. Evans Library  |d Halbouty Reading Rm (Halbouty Bldg 173) (Does not check out)  |t 0  |e 557 D  |h Dewey Decimal classification 
998 f f |a 557 D  |t 0  |l Halbouty Reading Rm (Halbouty Bldg 173) (Does not check out) 
998 f f |a QE471.15.S2 M6  |t 0  |l Remote Storage